Betekintés a könyvvizsgálatba egy energiaipari cég esetében

Bibliographic Details
Main Author: Farkas Zsuzsanna Alexandra
Other Authors: Korom Dr. Erik
Format: Thesis
Kulcsszavak:energiaipar
könyvvizsgálat
speciális iparág
Online Access:http://dolgozattar.uni-bge.hu/14524

MARC

LEADER 00000nta a2200000 i 4500
001 dolg14524
005 20171218111913.0
008 171218suuuu hu om 000 hun d
040 |a BGE Dolgozattár Repozitórium  |b hun 
041 |a hu 
100 1 |a Farkas Zsuzsanna Alexandra 
245 1 0 |a Betekintés a könyvvizsgálatba egy energiaipari cég esetében  |c Farkas Zsuzsanna Alexandra  |h [elektronikus dokumentum] 
695 |a energiaipar 
695 |a könyvvizsgálat 
695 |a speciális iparág 
700 1 |a Korom Dr. Erik  |e ths 
856 4 0 |u http://dolgozattar.uni-bge.hu/14524/1/Titkos%C3%ADt%C3%A1si%20k%C3%A9relem%20pdf2.pdf  |z Dokumentum-elérés 
856 4 0 |u http://dolgozattar.uni-bge.hu/14524/2/Szakdolgozat%20v%C3%A9gleges%20nyilatkozattal%202017.pdf  |z Dokumentum-elérés